000 00750nam a22002777a 4500
001 BR0100347
003 BR-BrBNA
005 20230928100757.0
007 ta
008 230509b bl.||||| |||| 00| 0 por d
040 _aBR-BrBNA
_bpor
_cBiblioteca Nacional de Agricultura
041 _a(Por)
072 _aM12
_b8310
090 _ 8310 BR0100347
110 1 _aInstituto Novas Fronteiras da Cooperacao, Brasilia, DF (Brasil)
_96548
245 1 _aCultivo do camarao: manual de orientacao
260 3 _aBrasilia, DF (Brasil):
_c2000.
300 _a39 p.
500 _a20 illus.; 11 tables
650 _aCamarao
650 _aAquicultura
650 _aCriacao
650 _aEngorda
909 _a202309
_bLucia
_c55
_dLucia Elande
942 _cBK
999 _c62760
_d62760